MARC

LEADER 00000nam0a2200000 4500
001 14961
005 20231030185951.0
010 |a 5020146269 
035 |a (RuTPU)RU\TPU\book\15062 
035 |a BOOK00015132 
090 |a 14961 
100 |a 20011209d1996 k y0rusy50 ca 
101 0 |a rus 
102 |a RU 
105 |a y z 000zy 
200 1 |a Радиационная акустика  |f Л. М. Лямшев 
210 |a Москва  |c Наука  |d 1996 
215 |a 304 с. 
610 1 |a радиационная акустика 
610 1 |a акустика 
610 1 |a ядерная физика 
610 1 |a элементарные частицы 
610 1 |a проникающие излучения 
610 1 |a высокие энергии 
675 |a 534.1  |v 3 
700 1 |a Лямшев  |b Л. М.  |g Леонид Михайлович 
801 0 |a RU  |b 63413507  |c 20011209  |g PSBO 
801 2 |a RU  |b 63413507  |c 20081006  |g PSBO 
942 |c BK